| 000 | 00648nam a22001457a 4500 | ||
|---|---|---|---|
| 020 | _a978-1-4075-2321-7 | ||
| 082 |
_a823 _bPOR/H |
||
| 100 | _aPORYES, MICHAEL | ||
| 245 |
_aHANNAH MONTANA _bSEEING GREEN |
||
| 260 |
_aUNITED KINGDOM _bPARRAGON _c2008 |
||
| 300 | _a142 | ||
| 520 | _aEver since Jake Ryan started acting on the TV show, Zombie High, Miley thinks he's become a huge egomaniac. So when he invites Miley to the school Seventies Dance, she says no. Then Hannah Montana guest stars on Jake's show, and Miley realizes she might have been wrong about her former crush—but is it too late? | ||
| 650 |
_aNOVELS _zUNITED KINGDOM |
||
| 942 | _cBK | ||
| 999 |
_c2323 _d2323 |
||